Statistics for Guess the Country from the City

Click here to take the quiz!

General Stats

  • This quiz has been taken 59 times
  • The average score is 15 of 16

Answer Stats

HintAnswer% Correct
SydneyAustralia
100%
FrankfurtGermany
100%
New YorkUSA
100%
ShanghaiChina
98%
BarcelonaSpain
98%
IstanbulTurkey
98%
ManchesterUK
98%
TorontoCanada
96%
MilanItaly
96%
St. PetersburgRussia
96%
DubaiUAE
96%
Sao PauloBrazil
93%
MumbaiIndia
93%
OsakaJapan
93%
DamascusSyria
84%
LahorePakistan
75%

Score Distribution

Percentile by Number Answered

Percent of People with Each Score

Your Score History

You have not taken this quiz